| 000 | 00704nam a2200193 i 4500 | ||
|---|---|---|---|
| 001 | 11353 | ||
| 003 | ES-MaACL | ||
| 005 | 20230906150102.0 | ||
| 008 | 960424s1967 sp ||||1| spa d | ||
| 080 | _a32(460)"1966" | ||
| 100 | 1 |
_aOltra Moltó, Enrique. _987023 |
|
| 245 | 1 | 3 |
_aLa conmemoración de las Juntas Generales de Álava ante el futuro político de España _b: discurso ... / _cEnrique Oltra Moltó. |
| 260 |
_aVitoria : _bDiputación Foral de Álava, _c[1967] |
||
| 300 |
_a[20] p. ; _c25 cm. |
||
| 610 | 1 | 4 |
_aÁlava. _bJuntas Generales. _9172447 |
| 651 | 4 |
_aEspaña- _xPolítica y gobierno- _y1939-1975. _98445 |
|
| 710 | 1 |
_aÁlava. _bDiputación Foral. _91310 |
|
| 852 |
_aES-MaACL _j2151-F-6 |
||
| 999 |
_c11353 _d11353 |
||